| 000 | 01503aam a2200337 a 4500 | ||
|---|---|---|---|
| 001 | angelsinourmidst00vazq | ||
| 003 | CaSfIA | ||
| 005 | 20210117184200.0 | ||
| 007 | cr|||| | ||
| 008 | 941101s1994 nyua 000 0 eng | ||
| 010 | _a 95166758 | ||
| 040 |
_aDLC _cDLC _dBAKER _dBTCTA _dCaSfIA |
||
| 019 | _a31388149 | ||
| 020 | _a0880888571 | ||
| 020 | _a9780880888578 | ||
| 035 |
_a(OCoLC)35757992 _z(OCoLC)31388149 |
||
| 050 | 0 | 0 |
_aPN6084.A55 _bA45 1994 |
| 082 | 0 | 0 |
_a808.88/2 _221 |
| 245 | 0 | 0 |
_aAngels in our midst / _h[electronic resource] _cedited by Liesl Vazquez ; design by Deborah Michel. |
| 260 |
_aWhite Plains, N.Y. : _bP. Pauper, _cc1994. |
||
| 300 |
_a56 p. : _bill. (some col.) ; _c16 cm. |
||
| 650 | 0 |
_aAngels _vQuotations, maxims, etc. |
|
| 700 | 1 | _aVazquez, Liesl. | |
| 856 | 4 | 1 |
_uhttp://www.archive.org/details/angelsinourmidst00vazq _zFree eBook from the Internet Archive |
| 856 | 4 | 2 |
_uhttp://www.openlibrary.org/books/OL879434M _zAdditional information and access via Open Library |
| 029 | 1 |
_aAU@ _b000012885837 |
|
| 999 |
_c468735 _d468735 |
||
| 942 | _cEB | ||
| 506 | _fНеобхідна авторизація на https://archive.org/ (створення облікового запису безкоштовно) | ||
| 506 | _fНеобхідна авторизація на https://openlibrary.org/ (створення облікового запису безкоштовно) | ||